| 000 | 00538nam a2200181Ia 4500 | ||
|---|---|---|---|
| 008 | 090124s9999 xx 000 0 und d | ||
| 082 | _b38084 | ||
| 100 | _aMORRIS RICHARD B. | ||
| 245 | _aTHE EMERGING NATIONS AND THE AMERICAN REVOLUTION | ||
| 250 | _a1 | ||
| 260 |
_bEURASIA PUBLISHING HOUSE _c1974 |
||
| 300 | _a238 | ||
| 600 | _aMORRIS RICHARD B. | ||
| 630 | _aTHE EMERGING NATIONS AND THE AMERICAN REVOLUTION | ||
| 700 | _aMORRIS RICHARD B. | ||
| 730 | _aTHE EMERGING NATIONS AND THE AMERICAN REVOLUTION | ||
| 942 | _cBOOK | ||
| 999 |
_c104761 _d104761 |
||